Shorter Constitution of India (Record no. 9930)

000 -LEADER
fixed length control field 00267nam a2200109Ia 4500
008 - FIXED-LENGTH DATA ELEMENTS--GENERAL INFORMATION
fixed length control field 201231s9999 xx 000 0 und d
100 ## - MAIN ENTRY--PERSONAL NAME
Personal name Basu, Durga Das
245 #0 - TITLE STATEMENT
Title Shorter Constitution of India
260 ## - PUBLICATION, DISTRIBUTION, ETC.
Place of publication, distribution, etc. New Delhi
Name of publisher, distributor, etc. Prentuice Hall
300 ## - PHYSICAL DESCRIPTION
Extent 1449
942 ## - ADDED ENTRY ELEMENTS (KOHA)
Koha item type Books
Holdings
Withdrawn status Lost status Damaged status Not for loan Permanent Location Date acquired Full call number Barcode Date last seen Price effective from Koha item type
        IMU Kolkata 2020-12-31 342.54023 B327 PM05498 2020-12-31 2020-12-31 Books
Designed and Maintained by IMU-KC Library, Kolkata Campus © Copyright All Rights Reserved

webs counters

Powered by Koha